Delincuentes astutos y afortunados : (Record no. 16747)

000 -CABECERA
fixed length control field 00964nam a22002177a 4500
003 - IDENTIFICADOR DEL NÚMERO DE CONTROL
control field AR-CdUCM
008 - DATOS DE LONGITUD FIJA--INFORMACIÓN GENERAL
fixed length control field 190506b ||||| |||| 00| 0 sap d
040 ## - FUENTE DE LA CATALOGACIÓN
Agencia/entidad que catalogó originalmente la obra MUNICIPALIDAD PROVINCIAL DEL CUSCO
Entidad que transcribió la catalogación BIBLIOTECA MUNICIPAL DEL CUSCO
082 ## - NÚMERO DE LA CLASIFICACIÓN DECIMAL DEWEY
No. de Clasificación 364.3 /
Notacion interna F43
100 ## - ENTRADA PRINCIPAL--NOMBRE DE PERSONA
Nombre Personal Ferriani, Lino.
245 ## - MENCIÓN DE TÍTULO
Título Delincuentes astutos y afortunados :
Resto del título Estudio de psicología criminal y social /
260 ## - PUBLICACIÓN, DISTRIBUCIÓN, ETC.
Lugar de publicación, distribución, etc. Barcelona :
Nombre de la editorial, distribuidor, etc. Imprenta de Hernrich y C.,
Fecha de publicación, distribución, etc. 1909.
300 ## - DESCRIPCIÓN FÍSICA
Nº de Páginas Extensión 2 tomos ;
Dimensiones 16 cm.
440 ## - MENCIÓN DE SERIE/PUNTO DE ACCESO ADICIONAL--TÍTULO
Título Biblioteca sociológica internacional.
9 (RLIN) 26726
505 ## - NOTA DE CONTENIDO CON FORMATO
Nota de contenido formateada Contenido: t.1: Introducción -- Los coeficientes de la impunidad -- t.2. Delincuentes contra el honor -- Delincuentes contra la propiedad -- Delincuentes contra las personas -- Parásitos y especuladores delictuosos ...
650 ## - PUNTO DE ACCESO ADICIONAL DE MATERIA--TÉRMINO DE MATERIA
Descriptor Delincuentes.
9 (RLIN) 32245
650 ## - PUNTO DE ACCESO ADICIONAL DE MATERIA--TÉRMINO DE MATERIA
Descriptor Sociedad.
9 (RLIN) 53
700 ## - PUNTO DE ACCESO ADICIONAL--NOMBRE DE PERSONA
Nombre Personal Buixo y Monserda, José (traducción)
9 (RLIN) 36375
942 ## - ELEMENTOS DE PUNTO DE ACCESO ADICIONAL (KOHA)
Fuente de clasificación
Tipo de item Libros-BMC
945 ## - PROCESAMIENTO DE INFORMACIÓN LOCAL (OCLC)
Catalogador rum
AAAA-MM-DD - Fecha de ingreso o modificacion 2019-05-06
Holdings
Estado de retiro (separado) Fuente de clasificación o esquema de estanterías Estado dañado Ubicación Sala donde se ubica Nombre de la colección Fecha de adquisición o compra Costo, precio normal en soles Signatura topográfica Código de Barras Última vez visto (Koha) Tipo de ítem (Koha)
No     Sala Humanidades Sala Humanidades Book Cart 2019-05-06 18.00 364.3 / F43 / t.2 SH0000011922 2019-05-06 Libros-BMC
No     Sala Humanidades Sala Humanidades Book Cart 2019-05-07 20.00 364.3 / F43 / t.1 SH0000012372 2019-05-07 Libros-BMC

Powered by Koha